Tous les Pokémon de type Plante - Statistiques

Statistiques générales
  • Ce quiz a été pris 23 fois
  • Le résultat moyen est 94 sur 143
Statistiques - réponses
Génération Pokémon Deuxième Type % Correct
Première Boustiflor Poison
100%
Première Bulbizarre Poison
100%
Première Chétiflor Poison
100%
Première Empiflor Poison
100%
Première Florizarre Poison
100%
Première Herbizarre Poison
100%
Deuxième Germignon
94%
Première Mystherbe Poison
94%
Première Ortide Poison
94%
Première Rafflésia Poison
94%
Troisième Arcko
89%
Quatrième Boskara
89%
Troisième Jungko
89%
Deuxième Macronium
89%
Troisième Massko
89%
Deuxième Méganium
89%
Première Paras Insect
89%
Première Parasect Insect
89%
Quatrième Torterra Sol
89%
Quatrième Tortipouss
89%
Troisième Grainipiot
83%
Troisième Lombre Eau
83%
Troisième Ludicolo Eau
83%
Première Méga-Florizarre Poison
83%
Troisième Nénupiot Eau
83%
Troisième Tengalice Ténèbres
83%
Cinquième Viridium Combat
83%
Septième Archéduc Spectre
78%
Sixième Blindépique Combat
78%
Sixième Boguérisse
78%
Septième Brindibou Vol
78%
Deuxième Cotovol Vol
78%
Deuxième Floravol Vol
78%
Deuxième Joliflor
78%
Sixième Marisson
78%
Troisième Méga-Jungko Dragon
78%
Troisième Pifeuil Ténèbres
78%
Neuvième Poussacha
78%
Troisième Rosélia Poison
78%
Quatrième Roserade Poison
78%
Quatrième Rozbouton Poison
78%
Cinquième Vipélierre
78%
Cinquième Couverdure Insect
72%
Huitième Dratatin Dragon
72%
Septième Efflèche Vol
72%
Cinquième Feuillajou
72%
Deuxième Granivol Vol
72%
Cinquième Haydaim Normal
72%
Deuxième Héliatronc
72%
Cinquième Larveyette Insect
72%
Cinquième Lianaja
72%
Troisième Lilia Roche
72%
Cinquième Majaspic
72%
Cinquième Manternel Insect
72%
Neuvième Miascarade Ténèbres
72%
Huitième Pomdrapi Dragon
72%
Deuxième Tournegrin
72%
Troisième Tropius Vol
72%
Troisième Vacilys Roche
72%
Huitième Verpom Dragon
72%
Cinquième Vivaldaim Normal
72%
Quatrième Blizzaroi Glace
67%
Quatrième Blizzi Glace
67%
Sixième Cabriolaine
67%
Deuxième Celebi Psy
67%
Sixième Chevroum
67%
Cinquième Feuiloutan
67%
Cinquième Fragilady
67%
Huitième Gorythmic
67%
Cinquième Grindur Acier
67%
Neuvième Matourgeon
67%
Quatrième Méga-Blizzaroi Glace
67%
Cinquième Noacier Acier
67%
Première Noadkoko Psy
67%
Première Noeunoeuf Psy
67%
Huitième Ouistempo
67%
Neuvième Pimito
67%
Sixième Pitrouille Spectre
67%
Neuvième Scovilain Feu
67%
Quatrième Vortente
67%
Troisième Balignon
61%
Sixième Banshitrouye Spectre
61%
Sixième Brocélôme Spectre
61%
Troisième Cacnéa
61%
Troisième Cacturne Ténèbres
61%
Quatrième Ceribou
61%
Quatrième Ceriflor
61%
Troisième Chapignon Combat
61%
Cinquième Chlorobule
61%
Septième Lampignon Fée
61%
Quatrième Motisma Tonte Electrik
61%
Quatrième Phyllali
61%
Cinquième Trompignon Poison
61%
Sixième Desséliande Spectre
56%
Cinquième Doudouvet Fée
56%
Huitième Electrode de Hisui Electrik
56%
Cinquième Farfaduvet Fée
56%
Huitième Fragilady de Hisui Combat
56%
Cinquième Gaulet Poison
56%
Septième Katagami Acier
56%
Septième Mimantis
56%
Septième Noadkoko d'Alola Dragon
56%
Neuvième Olivini Normal
56%
Neuvième Pomdorochi Dragon
56%
Neuvième Pomdramour Dragon
56%
Première Saquedeneu
56%
Quatrième Shaymin
56%
Septième Spododo Fée
56%
Septième Tokotoro Fée
56%
Neuvième Virovent Spectre
56%
Huitième Voltorbe de Hisui Electrik
56%
Neuvième Arboliva Normal
50%
Quatrième Arceus Plante
50%
Quatrième Bouldeneu
50%
Neuvième Olivado Normal
50%
Huitième Sylveroy Psy
50%
Neuvième Virevorreur Spectre
50%
Huitième Zarude Ténèbres
50%
Huitième Archéduc de Hisui Combat
44%
Huitième Badaboin
44%
Huitième Blancoton
44%
Septième Candine
44%
Neuvième Chongjian Ténèbres
44%
Septième Croquine
44%
Neuvième Fongus-Furie Ténèbres
44%
Septième Sinistrail Spectre
44%
Huitième Tournicoton
44%
Septième Floramantis
39%
Neuvième Ogerpon
39%
Neuvième Ogerpon masque de la Pierre Roche
39%
Neuvième Ogerpon masque du Fourneau Feu
39%
Neuvième Ogerpon masque du Puits Eau
39%
Neuvième Ogerpon masque Turquoise
39%
Quatrième Shaymin Céleste Vol
39%
Septième Sucreine
39%
Neuvième Terracool Sol
39%
Neuvième Terracruel Sol
39%
Neuvième Théffroyable Spectre
39%
Neuvième Vert-de-Fer Psy
39%
Cinquième Maracachi
33%
Neuvième Poltchageist Spectre
33%
Septième Silvallié Plante
22%
Quatrième Cheniselle cape feuille Insect
11%
Aucun quiz correspondant
Distribution des résultats
% des personnes avec chaque résultat
Percentile par nombre de réponses
Votre historique - résultats
Vous n’avez pas pris ce quiz